Quizzes
Events
Quiz Creation
Community
Videos
Private Events
Remove Ads
Sign In
Join for FREE
Feedback
Dark Mode
Quiz Categories
Sports
Geography
Music
Movies
Television
Just For Fun
Miscellaneous
History
Literature
Language
Science
Gaming
Entertainment
Religion
Holiday
For Kids
Quiz Lab
Recent
Popular Today
Quiz Kudos Today
Editor Picks
Curator Picks
Quizzes by...
Day
Popularity
Type
Ratings
Length
Year
Community
Subscriptions
Recent Discussions
Orange Saloon
Badges
Playlists
Quests
Create
Leaderboards
Showdown
Live 5
Trivia Bingo
Activity
Puzzle Library
Sporcle Events
Private Events
Virtual Trivia
Globe League
Become a Host
Pub Owners
SporcleCon
Opinionation
Our Games
Videos
Blog
Mobile Apps
Partnerships
Remove Ads and Go Orange
Feedback
History
US Presidents
World Leaders
Politics
Nation
Discovery
War
Decade
Year
Century
Biography
Art
History
US Presidents
World Leaders
Politics
Nation
Discovery
War
Decade
Year
Century
Biography
Art
Random Quiz
Search Sporcle
×
Quiz Lab
Quiz Lab
History
Football
Type in answers that appear in a list
Type in answers that appear in a list
Classic
Best Score? Go Orange.
Astronaut-Cosmonaut Fatalities Stats
Can you name the Astrounaut-Cosmonaut fatalities?
By
EggHeadNurse
10m
30 Questions
59 Plays
59 Plays
59 Plays
Comments
Comments
Give Quiz Kudos
Give Quiz Kudos
-
- Ratings
hide this ad
Replay
Link that replays current quiz
Next Quiz
Link to next quiz in quiz playlist
You Got
0%
They Got
Avg Score
32%
Avg Friend Score
Upgrade to see
Score Distribution
Jump to the score distribution portion of the page
Score
0/30
Timer
10:00
0
Plays Today
Mission
Crewmember
% Correct
Apollo 1 (1967)
Virgil 'Gus' Grissom
86.4%
Apollo 1 (1967)
Edwin H. White
74.6%
Apollo 1 (1967)
Roger B. Chaffee
72.9%
STS-
51-
L -
Challenger (1984)
Christa McAuliffe
61%
Aircraft Fatalities
Yuri A. Gagarin
59.3%
Soyuz 1 (1967)
Vladimir M. Komarov
45.8%
STS-
107 -
Colombia (2003)
Richard D. Husband
39%
Aircraft Fatalities
Elliot M. See
37.3%
STS-
107 -
Colombia (2003)
Ilan Ramon
35.6%
Aircraft Fatalities
Charles A Bassett
33.9%
Aircraft Fatalities
Clifton C. Williams
32.2%
STS-
51-
L -
Challenger (1984)
Francis 'Dick' Scobee
30.5%
STS-
51-
L -
Challenger (1984)
Judith A. Resnik
30.5%
STS-
107 -
Colombia (2003)
William C. McCool
30.5%
Aircraft Fatalities
Theodore C. Freeman
30.5%
Mission
Crewmember
% Correct
STS-
51-
L -
Challenger (1984)
Michael J. Smith
28.8%
STS-
51-
L -
Challenger (1984)
Ronald E. McNair
28.8%
STS-
51-
L -
Challenger (1984)
Gregory B. Jarvis
22%
STS-
107 -
Colombia (2003)
Kalpana Chawla
22%
STS-
107 -
Colombia (2003)
Laurel B. Clark
22%
STS-
51-
L -
Challenger (1984)
Ellison S. Onizuka
18.6%
STS-
107 -
Colombia (2003)
Michael P. Anderson
18.6%
Soyuz 11 (1971)
Vladislav N. Volkov
16.9%
Aircraft Fatalities
Manley 'Sonny' Carter
16.9%
Soyuz 11 (1971)
Georgi T. Dobrovolsky
15.3%
STS-
107 -
Colombia (2003)
David M. Brown
15.3%
Soyuz 11 (1971)
Viktor I. Patsayev
13.6%
Aircraft Fatalities
Michael J. Adams
13.6%
Aircraft Fatalities
Robert Henry Lawrence
13.6%
Aircraft Fatalities
Stephen D. Thorne
6.8%
Quiz Playlist
Details
Report
Send in Message
Add To Playlist
Classic:
Type in answers that appear in a list
Last Updated: Feb 16, 2017
Quiz Scoreboard
CHALLENGE
Sign Up to Join the Scoreboard
Show All
Scores
Hide
Comments
May contain spoilers
Recently Published
An Introduction to Baseball
by treessimontrees
Sports
5m
Movies - When Are They Set?
by FPL_Elf
Movies
5m
Popular People in 1961
by mucciniale
History
6m
More to Explore
Quiz From the Vault
Featured Blog Post
Where Did the Easter Bunny Come From?
hide this ad
You Might Also Like...
Tags
Football Quiz
astronaut-cosmonaut
Crewmember
Fatality
mission
Today's Top Quizzes in History
Browse History
hide this ad
Today's Top Quizzes in Football
Browse Football
Top Contributed Quizzes in History
1
Popular People in 1991
2
Popular People in 1981
3
Popular People in 1951
4
Popular People in 1941
5
Popular People in 1986
6
Popular People in 1976
7
Popular People in 1921
8
I Am Born On March 28th
9
Popular People in 1946
10
Popular People in 1936
Explore More
Trending Topics
Marvel
Kpop
Crossword
Disney
Harry Potter
Anime
NBA
Puzzle
Pokémon
The Office
WWE
Country
Song
NFL
Soccer
hide this ad
More By:
EggHeadNurse
Quiz
Plays
Rating
Category
Featured
Created
Game of Thrones Episodes - Title Meanings
16,307
4.69
Television
Sep 8, 2013
Game of Thrones Characters - According to a Dad
4,506
2.37
Television
Jun 6, 2011
Columbo Guest Stars (Murderers)
2,754
5.00
Television
Oct 23, 2010
EastEnders - Original Character Deaths
2,649
4.50
Television
Nov 21, 2010
Quantum Leap Episodes
1,579
3.80
Television
Mar 6, 2010
Go to Creator's Profile
Score Distribution
Quiz Creator Spotlight
EggHeadNurse
Follow
Send a Message
Quizzes Created
-
Created Quiz Play Count
-
More By This Creator
Popular Quizzes Today
1
Find the Countries of Europe - No Outlines Minefield
2
Find the US States - No Outlines Minefield
3
The Countries of the World
4
Popular People in 1961
5
US States
6
1-10 Letter E Words III
7
Find the US States
8
Risky Map Clicking: Biggest States A-Z
More History Quizzes
March 27th Mini Trivia
Published
Trending Quizzes
Risky Map Clicking: Least Populous States A-Z
1-10 Letter F Words
1-10 Letter G Words
One Thing in Common: United Kingdom
Risky Map Clicking: Next State Alphabetically
Recently Updated
Leaping Animals
pecheneg
Reality TV Shows (A-Z)
bhenderson79
Rickey Henderson's Hall of Fame Teammates
pecheneg
Champions League XIs: Arsenal
pecheneg
Quick Pick: Celebrities in WWE's Hall of Fame
aduchscher
A-Z Keypad Blitz II
pecheneg
Multiple Oscar Actors
pecheneg
Mystery Phrase Blitz: Oscar 'Best Actors'
pecheneg
F. Scott Fitzgerald Novels
LTH
Pick 3 Villains
ddd62291
Trending Topics
Harry Potter
NBA
Marvel
Anime
Kpop
Crossword
Disney
Song
Pokémon
Country
The Office
WWE
Puzzle
Soccer
NFL
Your Account Isn't Verified!
In order to create a playlist on Sporcle, you need to verify the email address you used during registration. Go to your
Sporcle Settings
to finish the process.
Report this User
Report this user for behavior that violates our
Community Guidelines
.
Details:
Send Report
Go to the Sporcle.com Mobile Site →
Comments